000 00732nac a22002411i 4500
003 EG-ScBUE
005 20260427083948.0
008 260427s1962 nyua f 001 0 eng d
040 _aEG-ScBUE
_beng
_erda
_cEG-ScBUE
_dEG-ScBUE
082 0 4 _a552
_bHUA
_222
100 1 _aHuang, Walter T,
_eauthor.
245 1 0 _aPetrology /
_cWalter T. Huang, Ph.D.
264 1 _aNew York :
_bMcGraw-Hill,
_c1962.
300 _a480 pages :
_billustrations ;
_c24 cm
336 _2rdacontent
_atext
_btxt
337 _aunmediated
_2rdamedia
_bn
338 _avolume
_bnc
_2rdacarrier
500 _aIncludes index.
650 7 _aPetrology.
_2BUEsh
655 _vReading book
942 _cBB
_2ddc
999 _c1742
_d1742